000 00871nam a2200325 a 4500
999 _c1386
_d1386
001 017146230
003 UkOxU
005 20221229091928.0
008 070118s2007 enka j 000 0 eng
015 _aGBA707148
_2bnb
020 _a9780746074763 (hbk.) :
035 _a(IeDuTC)b14621117
035 _a(UkLCURL)08b14621117
038 _aUk
040 _aStDuBDS
_beng
_cStDuBDS
_dKH8
049 _lb
082 0 4 _a636 DAY
_222
090 _aTCD
_bHB-77-131
100 _aDaynes, Katie
_eAuthor
245 0 0 _aFarm animals.
_cKatie Daynes
260 _aLondon :
_bUsborne,
_c2007.
263 _a200701
300 _a1 v. :
_bcol. ill. ;
_c21 cm.
490 1 _aBeginners
650 0 _aDomestic animals
_vJuvenile literature.
650 0 _aLivestock
_vJuvenile literature.
700 _aFox, Christyan
_eillustrator
830 0 _aBeginners
942 _2ddc
_cNFIC